000 00711nam a2200289Ia 4500
005 20260324115012.0
008 008 260324s9999 xx 000 0 eng d
020 _a9780367420451
037 _aEBOOK
040 _aCRL
040 _beng
040 _cCRL
041 _2eng
041 _aeng
084 _qCRL
100 _aSurendra Kumar Gupta; Binod Kumar Kanaujia; Jugul Kishor; Deepak Gangwar
_91152990
245 0 _aPrinted Antennas
245 0 _bTheory and Design
260 _bTaylor and Francis
260 _c2020
365 _a
365 _b355
856 _uhttp://www.taylorfrancis.com/books/9780367420451
942 _cEBOOK
999 _c1743526
_d1743526